000 00522nam a2200229Ia 4500
003 OSt
005 20220912144331.0
006 a|||||r|||| 00| 0
007 ta
008 220909b |||||||| |||| 00| 0 eng d
020 _aSL0136157
024 _a196179
037 _cTextual
040 _aCSL
_beng
_cCSL
041 _aeng
082 _aB7, J23
100 _aSommerfield A
245 0 _aMechanics
700 _aSommerfield A
942 _hB7, J23
_cTEXL
_2CC
999 _c5183
_d5183